000 00742nam a22002537a 4500
999 _c16100
_d16100
003 AR-CdUCM
008 190307b ||||| |||| 00| 0 spa d
020 _a84-03-87004-3
040 _aMUNICIPALIDAD PROVINCIAL DEL CUSCO
_cBIBLIOTECA MUNICIPAL DEL CUSCO
041 _hfre
082 _a927.8 /
_bR68
100 _aIribarne, F
_935377
245 _aRossini :
_bsu vida y sus obras /
260 _aParis :
_bHispano Americana,,
_c1987.
300 _a192 páginas ;
_c19 cm.
440 _aColección Los grandes músicos
_935378
505 _aContenido : Biografía
650 _aOpera
_912125
650 _aLiteratura
_983
650 _aFrancia
_91444
650 _aBiografía
_922
942 _2ddc
_cLIBROS
945 _awnts
_d2019-04-2